World and Other Literature | 1 | 6 | 0 | 1 | 75 | 48 | 105.43 | 3 | 7 |
Literature - American Literature | 2 | 5 | 1 | 1 | 75 | 47 | 100.00 | 2 | 7 |
Literature - British Literature | 3 | 3 | 2 | 1 | 65 | 46 | 78.67 | 3 | 5 |
Literature - European Literature | 1 | 3 | 0 | 0 | 45 | 78 | 92.00 | 1 | 4 |
Geography | 1 | 0 | 0 | 0 | 15 | 53 | 53.00 | 0 | 1 |
Ancient History and Archaeology | 0 | 1 | 0 | 0 | 10 | 104 | 104.00 | 0 | 1 |
Beliefs | 0 | 1 | 0 | 0 | 10 | 71 | 71.00 | 0 | 1 |
History - European History | 0 | 1 | 0 | 0 | 10 | 100 | 100.00 | 0 | 1 |
History - World History | 0 | 1 | 0 | 0 | 10 | 126 | 126.00 | 0 | 0 |
British and Commonwealth History | 0 | 1 | 0 | 0 | 10 | 78 | 78.00 | 0 | 1 |
Other Arts: Visual | 0 | 1 | 0 | 0 | 10 | 124 | 124.00 | 0 | 1 |
Science - Biology | 0 | 1 | 0 | 0 | 10 | 119 | 119.00 | 0 | 1 |
Science - Physics | 0 | 1 | 0 | 0 | 10 | 127 | 127.00 | 0 | 1 |
History - American History | 0 | 0 | 0 | 0 | 0 | | 0.00 | 0 | 0 |